Juna - Clairo (Lyrics) - Statistics

General Stats
  • This quiz has been taken 29 times
  • The average score is 91 of 127
Answer Stats
Answer % Correct
me
96%
a
92%
know
92%
you
92%
(you
92%
try
88%
i
83%
when
83%
dress
79%
make
79%
of
79%
wanna)
79%
don't
75%
go
75%
on
75%
think
75%
to
75%
dancing
71%
even
71%
new
71%
no
71%
there's
71%
with
71%
and
67%
pretending
67%
have
63%
it
63%
off
63%
buy
58%
just
58%
in
54%
in?
54%
let
54%
slip
54%
too
54%
get
50%
my
50%
breathe
46%
come
46%
days
46%
feel
46%
might
46%
most
46%
slowly
46%
these
46%
again
42%
enough
42%
skin
42%
talk
42%
why
42%
would
42%
intimate
38%
it's
38%
but
29%
close
25%
that
25%
ready
21%
femenine
17%
No matching quizzes found
Score Distribution
Percent of People with Each Score
Percentile by Number Answered
Your Score History
You have not taken this quiz